Statistics for African Great Lake Countries with an Empty Map

Click here to take the quiz!

General Stats

  • This quiz has been taken 13,620 times
  • The average score is 9 of 10

Answer Stats

Country % Correct
D.R. Congo
97%
Kenya
96%
Ethiopia
95%
Tanzania
94%
Uganda
93%
Rwanda
92%
Mozambique
92%
Zambia
89%
Malawi
86%
Burundi
84%

Score Distribution

Percentile by Number Answered

Percent of People with Each Score

Your Score History

You have not taken this quiz